| 000 | 01280cam a2200349 i 4500 | ||
|---|---|---|---|
| 001 | 200447217 | ||
| 999 |
_c200447217 _d65429 |
||
| 003 | TR-AnTOB | ||
| 005 | 20240816115419.0 | ||
| 007 | ta | ||
| 008 | 041014s2002 tu d g f f000 0 tur | ||
| 020 | _a9754071055 | ||
| 040 |
_aTR-AnTOB _beng _erda _cTR-AnTOB |
||
| 041 | 0 | _atur | |
| 050 | 4 |
_bHD9437.5.T87 _aT36 2002 |
|
| 090 |
_aHD9437.5.T87 _bT36 2002 |
||
| 100 | 1 |
_aTan, Sibel (Açıkel) _eauthor _9133218 |
|
| 245 | 1 | 0 |
_aKırmızı et üretim ve tüketim açığını kapatmak için alternatif bir yaklaşım : _bhindi üretimi ve sözleşmeli yetiştiricilik modeli / _cDr. Sibel Tan, Dr. İlkay Dellal |
| 264 | 1 |
_aAnkara : _bTEAE, _c2002 |
|
| 300 |
_a66 pages : _btables ; _c30 cm |
||
| 336 |
_2rdacontent _atext _btxt |
||
| 337 |
_2rdamedia _aunmediated _bn |
||
| 338 |
_2rdacarrier _avolume _bnc |
||
| 490 | 0 |
_aTarımsal Ekonomi Araştırma Enstitüsü ; _v85 |
|
| 504 | _aBIB | ||
| 650 | 7 |
_aHindi endüstrisi _zTürkiye _2etuturkob _9139301 |
|
| 650 | 0 |
_aEt endüstrisi ve ticareti _zTürkiye _9122538 |
|
| 700 | 1 |
_aDellal, İlkay _eauthor _944441 |
|
| 710 | 2 |
_aTürkiye. _bTarım ve Köyişleri Bakanlığı. _bTarımsal Ekonomi Araştırma Enstitüsü _9132994 |
|
| 942 |
_2lcc _cBK |
||